AN INTRODUCTION TO PHARMACOVIGILANCE (Record no. 8295)

MARC details
000 -LEADER
fixed length control field 00476nam a22001817a 4500
005 - DATE AND TIME OF LATEST TRANSACTION
control field 20230415111923.0
008 - FIXED-LENGTH DATA ELEMENTS--GENERAL INFORMATION
fixed length control field 230414b |||||||| |||| 00| 0 eng d
020 ## - INTERNATIONAL STANDARD BOOK NUMBER
ISBN 978-1-11-9-28974-6
041 ## - LANGUAGE CODE
Language code of text/sound track or separate title eng
082 ## - DEWEY DECIMAL CLASSIFICATION NUMBER
Classification number 610 WAL-A
100 ## - MAIN ENTRY--AUTHOR NAME
Personal name WALLER, PATRICK AND WOOLRYCH, MIRA HARRISON
245 ## - TITLE STATEMENT
Title AN INTRODUCTION TO PHARMACOVIGILANCE
250 ## - EDITION STATEMENT
Edition statement 2nd ed.
260 ## - PUBLICATION, DISTRIBUTION, ETC. (IMPRINT)
Name of publisher WILEY BLACKWELL
300 ## - PHYSICAL DESCRIPTION
Number of Pages 170;P.
650 ## - SUBJECT ADDED ENTRY--TOPICAL TERM
Topical Term PHARMACY
General subdivision B.PHARMA
942 ## - ADDED ENTRY ELEMENTS (KOHA)
Koha item type Books
Holdings
Lost status Damaged status Collection code Home library Current library Shelving location Date acquired Source of acquisition Cost, normal purchase price Full call number Accession Number Koha item type
    Reference JRU Library JRU Library SHELF-5-D 13/04/2023 LOHIA BOOK INTERNATIONAL 3983.00 610 WAL-A 27698 Books
    PHARMACY JRU Library JRU Library Shelf - 22- B 13/04/2023 LOHIA BOOK INTERNATIONAL 3983.00 610 WAL-A 27699 Books